Anagrams of Elements - Statistics

General Stats
  • This quiz has been taken 6 times
  • The average score is 10 of 16
Answer Stats
Element Anagram % Correct
Lead Lead|Dale|Lade|Deal
100%
Tin Nit
100%
Neon None
100%
Silver Sliver|Livers
100%
Argon Groan|Organ
80%
Radon Adorn
60%
Antimony Antinomy
60%
Nitrogen Ringtone
60%
Arsenic Carnies
40%
Rhodium Humidor
40%
Terbium Imbrute
40%
Erbium Imbue
40%
Rhenium Inhumer
40%
Sodium Odiums
40%
Astatine Sanitate
40%
Cerium Uremic
40%
No matching quizzes found
Score Distribution
Percent of People with Each Score
Percentile by Number Answered
Your Score History
You have not taken this quiz